UBT Library

The Joy Freedomm An Economist Odyssey (Record no. 48835)

000 -LEADER
fixed length control field 00311nam a22001337a 4500
008 - FIXED-LENGTH DATA ELEMENTS--GENERAL INFORMATION
fixed length control field 181004b xxu||||| |||| 00| 0 eng d
020 ## - INTERNATIONAL STANDARD BOOK NUMBER
International Standard Book Number 9780130621122
041 ## - LANGUAGE CODE
Language code of text/sound track or separate title eng
080 ## - UNIVERSAL DECIMAL CLASSIFICATION NUMBER
Universal Decimal Classification number 330
100 ## - Rafti
Rafti 52
101 ## - Shkurtesa
Shkurtesa eco
245 ## - TITLE STATEMENT
Title The Joy Freedomm An Economist Odyssey
Statement of responsibility, etc David ,R,H
942 ## - ADDED ENTRY ELEMENTS (KOHA)
Source of classification or shelving scheme
Item type Books

No items available.

UBT Library © 2015-2024. All rights reserved University Education for Business and Technology